Las bases económicas del desarrollo industrial y la absorción de fuerza de trabajo en El Salvador /
Uloženo v:
| Hlavní autor: | |
|---|---|
| Médium: | Neznámo |
| Témata: | |
| Tagy: |
Přidat tag
Žádné tagy, Buďte první, kdo vytvoří štítek k tomuto záznamu!
|
MARC
| LEADER | 00000 a2200000 04500 | ||
|---|---|---|---|
| 001 | 31448 | ||
| 003 | cru IIS | ||
| 005 | 20230307141116.0 | ||
| 008 | 991231s d | ||
| 040 | |c cru IIS | ||
| 090 | |a 0001 C172f | ||
| 100 | 1 | |a Molina, Hugo |9 10974 | |
| 245 | |a Las bases económicas del desarrollo industrial y la absorción de fuerza de trabajo en El Salvador / |c Hugo Molina | ||
| 300 | |a 218-275 p. | ||
| 650 | |a MERCADO COMUN CENTROAMERICANO | ||
| 650 | |a INDUSTRIA | ||
| 650 | |a EMPLEO | ||
| 650 | |a MANO DE OBRA | ||
| 650 | |a INDICADORES ECONOMICOS | ||
| 650 | |a SECTOR INDUSTRIAL | ||
| 650 | |a INDICADORES SOCIALES | ||
| 773 | 0 | |0 12363 |9 8351 |a Camacho, Daniel |d San José: EDUCA, 1979 |o 02778 |t El Fracaso social de la integración centroamericana: Capital, tecnología y empleo / |w (cru IIS)31338 | |
| 942 | |2 ddc |c LI | ||
| 999 | |c 44797 |d 44797 | ||
